000 00426cam a2200169 a 4500
020 _a0875185312
040 _cDLC
082 0 0 _a621 DIL 1994 A039 Or.
_aB
100 1 _aDavies, Kath.
245 1 0 _aAmelia Earhart flies around the world /
260 _aNew York :
_bDillon Press,
_c1994.
300 _a32 p. :
_bill. (some col.) ;
_c25 cm.
650 0 _aAir pilots
650 1 _aAir pilots.
650 1 _aWomen
942 _cEK
999 _c11861
_d11861